| 000 | 00579nam a2200205 a 4500 | ||
|---|---|---|---|
| 005 | 20210219153305.0 | ||
| 008 | 991125n 000 0 u | ||
| 035 | _aUPN01000088831 | ||
| 100 | _aReed, Marcia | ||
| 222 | _aLIBRARY TRENDS | ||
| 245 | _aNavigator, mapmaker, stargazer : charting the new electronic sources in art history | ||
| 300 | _a733-755 | ||
| 362 | _a40, No. 4, 1992 | ||
| 505 | _aAgosto 1993 | ||
| 653 | 0 | _aHISTORIA DEL ARTE | |
| 653 | 0 | _aMATERIALES DE CONSULTA | |
| 653 | 0 | _aTECNOLOGIA DE INFORMACION | |
| 904 |
_aAC _b026642 |
||
| 905 | _aArticulo | ||
| 999 |
_c73220 _d73220 |
||